X-ray astronomy with EXOSAT (Record no. 16927)

MARC details
000 -LEADER
fixed length control field 00708nam a2200217Ia 4500
003 - CONTROL NUMBER IDENTIFIER
control field IN-BaIIA
008 - FIXED-LENGTH DATA ELEMENTS--GENERAL INFORMATION
fixed length control field 211028s9999 xx 000 0 eng d
040 ## - CATALOGING SOURCE
Transcribing agency IIA Library
080 ## - UNIVERSAL DECIMAL CLASSIFICATION NUMBER
Universal Decimal Classification number 52-735
Item number XRA
245 #0 - TITLE STATEMENT
Title X-ray astronomy with EXOSAT
Statement of responsibility, etc. edited by R. Pallavicini and N. E. White
260 ## - PUBLICATION, DISTRIBUTION, ETC.
Place of publication, distribution, etc. Italy
Name of publisher, distributor, etc. Memorie della Societa Astronomica Italiana
Date of publication, distribution, etc. 1988
300 ## - PHYSICAL DESCRIPTION
Extent 290p.
650 ## - SUBJECT ADDED ENTRY--TOPICAL TERM
Topical term or geographic name entry element EXOSAT observations
9 (RLIN) 31649
650 ## - SUBJECT ADDED ENTRY--TOPICAL TERM
Topical term or geographic name entry element EXOSAT satellite
9 (RLIN) 31650
650 ## - SUBJECT ADDED ENTRY--TOPICAL TERM
Topical term or geographic name entry element X-Ray astronomy
9 (RLIN) 7473
650 ## - SUBJECT ADDED ENTRY--TOPICAL TERM
Topical term or geographic name entry element X-Ray binaries
9 (RLIN) 14395
650 ## - SUBJECT ADDED ENTRY--TOPICAL TERM
Topical term or geographic name entry element X-Ray stars
9 (RLIN) 31651
700 ## - ADDED ENTRY--PERSONAL NAME
Personal name Pallavicini, R., ed.
9 (RLIN) 16236
700 ## - ADDED ENTRY--PERSONAL NAME
Personal name White, N. E., ed.
9 (RLIN) 31652
942 ## - ADDED ENTRY ELEMENTS (KOHA)
Koha item type Books
Holdings
Withdrawn status Lost status Damaged status Not for loan Home library Current library Shelving location Date acquired Total Checkouts Full call number Barcode Date last seen Price effective from Koha item type
        IIA Library-Bangalore IIA Library-Bangalore General Stacks 27/04/2007   52-735/ XRA 17849 05/11/2021 27/04/2007 Books

Powered by Koha